Il cinema dell'orrore /

Salvato in:
Dettagli Bibliografici
Autore principale: Sarno, Antonello (Autore)
Natura: Libro
Lingua:italiano
Pubblicazione: Roma : Tascabili economici Newton, 1996
Serie:Il sapere ; 131
Soggetti:
Tags: Aggiungi Tag
Nessun Tag, puoi essere il primo ad aggiungerne!!

MARC

LEADER 00000nam a22000007i 4500
001 IT\ICCU\UM1\0025932
003 ItRI
005 20260115231940.0
008 970310s1996 it |||||| ||||| |||||c
020 |a 8881835126 
040 |b ita  |c importazione bologna sebina 
041 7 |a ita  |2 ISO-639-2 
082 |a 791.43  |9 CINEMA  |2 14 
100 1 |a Sarno, Antonello  |0 IT\ICCU\LO1V\015988  |4 aut 
240 1 3 |a Il cinema dell'orrore  |3 IT\ICCU\LIG\0501734  |9 Sarno, Antonello 
245 1 3 |a Il cinema dell'orrore /  |c Antonello Sarno. 
260 |a Roma :  |b Tascabili economici Newton,  |c 1996 
300 |a 97 p. ;  |c 20 cm. 
650 7 |a Film dell'orrore 
830 3 |a Il sapere ;  |v 131  |0 IT\ICCU\RAV\0233857 
942 |2 ddc  |c BK  |n 0 
952 |0 0  |1 0  |4 0  |6 DOC_791_436000000000000_SAR  |7 0  |9 17525  |a BO  |b BO  |d 2026-01-15  |i 14192  |l 0  |o DOC 791.436 SAR  |p BO14192  |r 2026-01-15 23:19:40  |w 2026-01-15  |x [Sebina 5] [1 v.]  |y BK  |z 1 v. 
999 |c 14947  |d 14947